000
00311nam a22001217a 4500
008
180201b xxu||||| |||| 00| 0 eng d
041
_a
eng
080
_a
34
100
_a
14
101
_a
JUR
245
_a
Federal income taxation of individuals: cases, problems and materials
_c
Donaldson,S.A
942
_2
udc
_c
BK
999
_c
41452
_d
41452